| 000 | 00752nam a22001817a 4500 | ||
|---|---|---|---|
| 999 |
_c163298 _d163298 |
||
| 005 | 20190408161924.0 | ||
| 010 | _aB-721064 | ||
| 020 |
_a09752250 _c300.00 |
||
| 035 | _aB-721064 | ||
| 037 | _bAksharesh Enterprises | ||
| 082 | _a032.0954 | ||
| 245 |
_aManorama Yearbook 2019 / _cedited by Mammen Mathew |
||
| 260 |
_aNew Delhi _bMalayala Manorama _c2019 |
||
| 270 |
_aAndhra Vanitha Mandali, Building 2, Azad Bhavan Road, Indraprastha Estate _bNew Delhi _e110002 |
||
| 300 |
_a1039p.: _bcol. ill. _c20cm(pbk) |
||
| 942 |
_2ddc _cEN _h032.0954 _mMAN |
||